With a new generation of instruments (Record no. 16934)

MARC details
000 -LEADER
fixed length control field 01065nam a2200253Ia 4500
003 - CONTROL NUMBER IDENTIFIER
control field IN-BaIIA
008 - FIXED-LENGTH DATA ELEMENTS--GENERAL INFORMATION
fixed length control field 211028s9999 xx 000 0 eng d
040 ## - CATALOGING SOURCE
Transcribing agency IIA Library
080 ## - UNIVERSAL DECIMAL CLASSIFICATION NUMBER
Universal Decimal Classification number 528.089.6(061.3)
Item number THE
111 ## - MAIN ENTRY--MEETING NAME
Meeting name or jurisdiction name as entry element The 2002 HST Calibration Workshop
Location of meeting Maryland
Date of meeting or treaty signing 1997 Sept. 22-24
9 (RLIN) 31675
245 #0 - TITLE STATEMENT
Title With a new generation of instruments
Remainder of title proceedings of the 1997 HST calibration workshop held in Baltimore, Maryland, September 22-24, 1997
Statement of responsibility, etc. edited by Stefano Casertano…[et al.]
260 ## - PUBLICATION, DISTRIBUTION, ETC.
Place of publication, distribution, etc. Baltimore
Name of publisher, distributor, etc. Space Telescope Science Institute
Date of publication, distribution, etc. 1997
300 ## - PHYSICAL DESCRIPTION
Extent xvi, 541p.
650 ## - SUBJECT ADDED ENTRY--TOPICAL TERM
Topical term or geographic name entry element Calibration of photographic instruments
9 (RLIN) 31676
650 ## - SUBJECT ADDED ENTRY--TOPICAL TERM
Topical term or geographic name entry element NICMOS
9 (RLIN) 31677
650 ## - SUBJECT ADDED ENTRY--TOPICAL TERM
Topical term or geographic name entry element Space telescope imaging spectograph
9 (RLIN) 31678
650 ## - SUBJECT ADDED ENTRY--TOPICAL TERM
Topical term or geographic name entry element Spectophotography
9 (RLIN) 31679
650 ## - SUBJECT ADDED ENTRY--TOPICAL TERM
Topical term or geographic name entry element Wide field and planetory camera 2
9 (RLIN) 31680
700 ## - ADDED ENTRY--PERSONAL NAME
Personal name Casertano, Stefano, ed.
9 (RLIN) 17393
700 ## - ADDED ENTRY--PERSONAL NAME
Personal name Jedrzejewski, Robert, ed.
9 (RLIN) 31681
700 ## - ADDED ENTRY--PERSONAL NAME
Personal name Keyes, Charles D., ed.
9 (RLIN) 31682
700 ## - ADDED ENTRY--PERSONAL NAME
Personal name Stevens, Mark, ed.
9 (RLIN) 31683
942 ## - ADDED ENTRY ELEMENTS (KOHA)
Koha item type Books
Holdings
Withdrawn status Lost status Damaged status Not for loan Home library Current library Shelving location Date acquired Total Checkouts Full call number Barcode Date last seen Price effective from Koha item type
        IIA Library-Bangalore IIA Library-Bangalore General Stacks 27/04/2007   528.089.6(061.3)/ THE 17856 05/11/2021 27/04/2007 Books

Powered by Koha